In welcher Stadt ist dieser Fußballverein - Statistiken

Allgemein
  • Dieses Quiz wurde 1.170 mal gespielt
  • Das Durchschnittsergebnis liegt bei 13 aus 14
Antwortstatistiken
Bildquiz Antwort % Korrekt
Barcelona
99%
München
99%
Paris
98%
Köln
97%
Madrid
97%
Liverpool
95%
Rom
94%
Turin
94%
London
93%
Manchester
93%
London
91%
London
88%
Marseille
88%
Nizza
69%
Keine übereinstimmenden Quizze gefunden
Verteilung der Resultate
Anzahl Personen mit jedem Resultat
Perzentil nach korrekt beantworteten Fragen
Ihre Resultats-Entwicklung
Sie haben dieses Quiz noch nicht gespielt